| 000 | 00476nam a22001817a 4500 | ||
|---|---|---|---|
| 005 | 20230509123535.0 | ||
| 008 | 230509b |||||||| |||| 00| 0 eng d | ||
| 020 | _a9788126540501 | ||
| 041 | _aeng | ||
| 082 | _a519.5 MON-D | ||
| 100 |
_aMONTGOMERY,DOUGLAS C. _97836 |
||
| 245 | _aDESIGN AND ANALYSIS OF EXPERIMENTS: INTERNATIONAL STUDENT VERSION | ||
| 250 | _a8th ed. | ||
| 260 | _bWILEY | ||
| 300 | _a726;P. | ||
| 650 |
_aPHARMACY _xB. PHARMA _97837 |
||
| 942 | _cBK | ||
| 999 |
_c8301 _d8299 |
||